[Event "New York Winter GM-B"]
[Site "New York"]
[Date "2023.01.16"]
[Round "8"]
[White "Barbosa, Oliver"]
[Black "Oberoi, Shelev"]
[Result "1-0"]
[WhiteElo "2491"]
[BlackElo "2318"]
[PlyCount "89"]
[EventDate "2023.01.12"]
[EventType "tourn"]
[EventRounds "9"]
[EventCountry "USA"]
[EventCategory "6"]
[SourceTitle "CBM 212 Extra"]
[Source "ChessBase"]
[SourceDate "2023.03.31"]
[SourceVersion "1"]
[SourceVersionDate "2023.03.31"]
[SourceQuality "1"]

1. Nf3 d5 2. g3 Nc6 3. d4 Bf5 4. Bg2 Nb4 5. Na3 e6 6. 0-0 Nc6 7. c4 Bxa3 8. bxa3 Be4 9. cxd5 Qxd5 10. Bf4 0-0-0 11. Rc1 f6 12. Qa4 g5 13. Rc5 Qxa2 14. d5 Bxd5 15. Bxc7 Kxc7 16. Nd4 Bxg2 17. Qa5+ Kd7 18. Nxc6 bxc6 19. Rd1+ Bd5 20. Rxc6 Ne7 21. Rc7+ Ke8 22. Qb4 Rd7 23. Rxd7 Kxd7 24. Qb7+ Kd6 25. Qb4+ Kd7 26. Qb7+ Kd8 27. Qb8+ Nc8 28. Rc1 Qc4 29. Rxc4 Bxc4 30. Qb7 Bd5 31. Qg7 Re8 32. Qxf6+ Kd7 33. Qxg5 Nd6 34. Qe3 a6 35. Qd3 Rb8 36. Qxh7+ Kc6 37. Qc2+ Bc4 38. h4 e5 39. h5 e4 40. h6 e3 41. fxe3 Kd7 42. h7 Bd5 43. Qa4+ Ke6 44. Qg4+ Kf7 45. Qd7+ 1-0

[Event "New York Winter GM-B"]
[Site "New York"]
[Date "2023.01.13"]
[Round "2"]
[White "Aarav, Dengla"]
[Black "Barbosa, Oliver"]
[Result "1/2-1/2"]
[WhiteElo "2377"]
[BlackElo "2491"]
[PlyCount "72"]
[EventDate "2023.01.12"]
[EventType "tourn"]
[EventRounds "9"]
[EventCountry "USA"]
[EventCategory "6"]
[SourceTitle "CBM 212 Extra"]
[Source "ChessBase"]
[SourceDate "2023.03.31"]
[SourceVersion "1"]
[SourceVersionDate "2023.03.31"]
[SourceQuality "1"]

1. e4 c6 2. d4 d5 3. e5 Bf5 4. h4 Qc7 5. c4 dxc4 6. Bxc4 c5 7. Nf3 cxd4 8. Qxd4 Nc6 9. Qf4 e6 10. Nc3 Bb4 11. Bd2 0-0-0 12. 0-0 Nge7 13. h5 g5 14. Qg3 a6 15. Be3 g4 16. Ng5 Bxc3 17. bxc3 Nd5 18. Bxd5 Rxd5 19. Qf4 Nxe5 20. Rfd1 Rhd8 21. Rxd5 Rxd5 22. Ne4 Bxe4 23. Qxe4 f5 24. Qa4 Qd7 25. Qb3 Rd3 26. Bd4 Nc6 27. Qc2 Rxd4 28. cxd4 Kb8 29. Qa4 Qd5 30. Rd1 f4 31. Qb3 Qxh5 32. d5 Ne5 33. Qa3 g3 34. Qd6+ Ka7 35. Qc5+ Kb8 36. Qd6+ Ka7 1/2-1/2

[Event "New York Spring GM-A"]
[Site "New York"]
[Date "2022.04.15"]
[Round "3"]
[White "Song, Edward"]
[Black "Barbosa, Oliver"]
[Result "1/2-1/2"]
[WhiteElo "2383"]
[BlackElo "2505"]
[PlyCount "118"]
[EventDate "2022.04.14"]
[EventType "tourn"]
[EventRounds "9"]
[EventCountry "USA"]
[EventCategory "8"]
[SourceTitle "CBM 207 Extra"]
[Source "ChessBase"]
[SourceDate "2022.05.31"]
[SourceVersion "1"]
[SourceVersionDate "2022.05.31"]
[SourceQuality "1"]

1. d4 d5 2. c4 c6 3. Nf3 Nf6 4. Nc3 dxc4 5. a4 e6 6. e3 c5 7. Bxc4 Nc6 8. 0-0 cxd4 9. exd4 Be7 10. Qe2 0-0 11. Rd1 Nb4 12. Bg5 Nfd5 13. Nxd5 Nxd5 14. Bxd5 Bxg5 15. Be4 Bf6 16. Ne5 a5 17. Bd3 g6 18. Bb5 Qe7 19. Rac1 Rd8 20. Qf3 Rd5 21. g3 Bxe5 22. dxe5 Rxe5 23. Bf1 Rd5 24. Rxd5 exd5 25. Qxd5 Be6 26. Qb5 Qd6 27. h4 h5 28. Qxb7 Rb8 29. Qa7 Rxb2 30. Qxa5 Ra2 31. Qa7 Qd2 32. Rb1 Kg7 33. Qc5 Kh7 34. Bg2 Rxa4 35. Qe5 Ra5 36. Qe1 Qa2 37. Rb2 Qa1 38. Qxa1 Rxa1+ 39. Kh2 Kg7 40. Bf3 Kf6 41. Kg2 Rc1 42. Rd2 Ke5 43. Re2+ Kd6 44. Rd2+ Kc5 45. Be4 Re1 46. Bf3 Bc4 47. Rd1 Rxd1 48. Bxd1 Kd4 49. Kg1 Bd5 50. Be2 Kc3 51. Bb5 Kd2 52. Be8 Ke1 53. Bb5 Kd2 54. Be8 Kd3 55. Bb5+ Ke4 56. Bf1 Kd4 57. Bb5 Ke4 58. Bf1 Kd4 59. Bb5 Ke4 1/2-1/2

[Event "New York Winter GM-B"]
[Site "New York"]
[Date "2022.01.17"]
[Round "8"]
[White "Barbosa, Oliver"]
[Black "Rohde, Michael A"]
[Result "1/2-1/2"]
[WhiteElo "2510"]
[BlackElo "2343"]
[PlyCount "44"]
[EventDate "2022.01.13"]
[EventType "tourn"]
[EventRounds "9"]
[EventCountry "USA"]
[EventCategory "8"]
[SourceTitle "CBM 206 Extra"]
[Source "ChessBase"]
[SourceDate "2022.03.31"]
[SourceVersion "1"]
[SourceVersionDate "2022.03.31"]
[SourceQuality "1"]

1. d4 Nf6 2. Nf3 d6 3. Nc3 Bf5 4. Nh4 Bd7 5. e4 e5 6. Nf3 Nc6 7. Bc4 Be7 8. d5 Nb8 9. 0-0 0-0 10. Qe2 Kh8 11. Ne1 c6 12. a4 cxd5 13. Nxd5 Nxd5 14. Bxd5 Nc6 15. c3 f5 16. f4 fxe4 17. Bxe4 d5 18. Bxd5 Bc5+ 19. Kh1 Bg4 20. Bf3 Bxf3 21. Rxf3 e4 22. Rf1 Qd5 1/2-1/2

[Event "New York GM-B"]
[Site "New York"]
[Date "2021.11.11"]
[Round "2"]
[White "Barbosa, Oliver"]
[Black "Rozman, Levy"]
[Result "1/2-1/2"]
[WhiteElo "2509"]
[BlackElo "2337"]
[PlyCount "58"]
[EventDate "2021.11.10"]
[EventType "tourn"]
[EventRounds "9"]
[EventCountry "USA"]
[EventCategory "8"]
[SourceTitle "CBM 205 Extra"]
[Source "ChessBase"]
[SourceDate "2022.01.31"]
[SourceVersion "1"]
[SourceVersionDate "2022.01.31"]
[SourceQuality "1"]

1. Nf3 d5 2. g3 Nd7 3. d4 Nb6 4. Bg2 Nf6 5. Nbd2 h6 6. c4 c6 7. c5 Nbd7 8. 0-0 g6 9. Qc2 Bg7 10. b3 0-0 11. Bb2 Re8 12. b4 Qc7 13. h3 Nh5 14. e3 f5 15. g4 Nhf6 16. gxf5 gxf5 17. Qxf5 Nxc5 18. Qg6 Na4 19. Bc1 Rf8 20. Ne5 Nh7 21. e4 Nc3 22. Re1 Ng5 23. h4 Ne6 24. Ndf3 dxe4 25. Bxh6 Rf6 26. Qe8+ Rf8 27. Qg6 Rf6 28. Qe8+ Rf8 29. Qg6 Rf6 1/2-1/2

[Event "New York GM-B"]
[Site "New York"]
[Date "2021.11.11"]
[Round "3"]
[White "Korley, Kassa"]
[Black "Barbosa, Oliver"]
[Result "0-1"]
[WhiteElo "2402"]
[BlackElo "2509"]
[PlyCount "112"]
[EventDate "2021.11.10"]
[EventType "tourn"]
[EventRounds "9"]
[EventCountry "USA"]
[EventCategory "8"]
[SourceTitle "CBM 205 Extra"]
[Source "ChessBase"]
[SourceDate "2022.01.31"]
[SourceVersion "1"]
[SourceVersionDate "2022.01.31"]
[SourceQuality "1"]

1. d4 d5 2. Nf3 Nf6 3. c4 c6 4. g3 e6 5. Bg2 Be7 6. 0-0 0-0 7. Nc3 Nbd7 8. Qc2 b6 9. e4 Bb7 10. e5 Ne8 11. h4 Rc8 12. Ng5 g6 13. Bf4 Ng7 14. Rad1 a5 15. Bh3 Ba6 16. b3 Qc7 17. Rfe1 Qa7 18. Bf1 Bb4 19. Qb2 Rfd8 20. a3 Be7 21. cxd5 cxd5 22. Nb5 Qb7 23. g4 h5 24. f3 Nf8 25. Bd3 Rc6 26. Re2 Rdc8 27. Rg2 Bxb5 28. Bxb5 Rc3 29. Bd2 Rc2 30. Qa1 a4 31. bxa4 Qa7 32. Bd3 R2c7 33. gxh5 Nxh5 34. Nxf7 Kxf7 35. Qb1 Ke8 36. Bb5+ Kd8 37. Rxg6 Bxh4 38. Kh1 Rg7 39. Qb4 Nxg6 40. Qd6+ Rd7 41. Qxe6 Nf8 42. Qh6 Be7 43. Qxh5 Rc2 44. Qf5 Rxd2 45. Rxd2 Qa5 46. Rc2 Rc7 47. Rxc7 Qe1+ 48. Kg2 Qd2+ 49. Kf1 Kxc7 50. Qf7 Qd1+ 51. Kg2 Qc2+ 52. Kf1 Ng6 53. Be8 Qd1+ 54. Kg2 Nh4+ 55. Kh3 Qh1+ 56. Kg4 Qg2+ 0-1

[Event "New York Marshall CC-ch 103rd"]
[Site "New York"]
[Date "2019.11.17"]
[Round "8"]
[White "Barbosa, Oliver"]
[Black "Krush, Irina"]
[Result "1-0"]
[WhiteElo "2532"]
[BlackElo "2424"]
[PlyCount "58"]
[EventDate "2019.11.14"]
[EventType "tourn"]
[EventRounds "9"]
[EventCountry "USA"]
[EventCategory "10"]
[SourceTitle "CBM 193 Extra"]
[Source "ChessBase"]
[SourceDate "2020.01.31"]
[SourceVersion "1"]
[SourceVersionDate "2020.01.31"]
[SourceQuality "1"]

1. c4 c5 2. Nf3 Nc6 3. Nc3 g6 4. e3 Nf6 5. d4 cxd4 6. exd4 d5 7. cxd5 Nxd5 8. Qb3 Nxc3 9. Bc4 Nd5 10. Bxd5 e6 11. Bxc6+ bxc6 12. 0-0 f6 13. Be3 Qd5 14. Rfc1 Be7 15. Nd2 Bd7 16. Nc4 Kf7 17. Bf4 g5 18. Bg3 h5 19. h3 h4 20. Bh2 Rhd8 21. Qd3 Qf5 22. Qe2 Be8 23. Rd1 c5 24. Ne3 Qe4 25. f3 Qb7 26. d5 exd5 27. f4 Kg8 28. Nf5 Bf8 29. fxg5 Qh7 1-0

[Event "New York Marshall CC-ch 103rd"]
[Site "New York"]
[Date "2019.11.16"]
[Round "5"]
[White "Barbosa, Oliver"]
[Black "Khamrakulov, Djurabek"]
[Result "1/2-1/2"]
[WhiteElo "2532"]
[BlackElo "2517"]
[PlyCount "62"]
[EventDate "2019.11.14"]
[EventType "tourn"]
[EventRounds "9"]
[EventCountry "USA"]
[EventCategory "10"]
[SourceTitle "CBM 193 Extra"]
[Source "ChessBase"]
[SourceDate "2020.01.31"]
[SourceVersion "1"]
[SourceVersionDate "2020.01.31"]
[SourceQuality "1"]

1. d4 d5 2. c4 dxc4 3. e3 Nf6 4. Bxc4 e6 5. Nf3 a6 6. 0-0 c5 7. dxc5 Bxc5 8. Qxd8+ Kxd8 9. b3 Ke7 10. Bb2 Nbd7 11. Nbd2 b6 12. Rfd1 Bb7 13. Rac1 Rac8 14. Kf1 Bd6 15. Be2 b5 16. a4 bxa4 17. bxa4 Bb4 18. a5 Rxc1 19. Rxc1 Rc8 20. Rxc8 Bxc8 21. Nc4 Bb7 22. Nd4 Ne4 23. Nc2 Nd2+ 24. Nxd2 Bxd2 25. Ba3+ Kd8 26. Nb4 Ne5 27. Nxa6 Bxa5 28. Nc5 Bc8 29. Ne4 f5 30. Nd6 Bc7 31. Nxc8 Kxc8 1/2-1/2